Entry Personal Name
Number of records used in: 1
001 - CONTROL NUMBER
003 - CONTROL NUMBER IDENTIFIER
005 - DATE AND TIME OF LATEST TRANSACTION
- control field:
20200104110712.0
008 - FIXED-LENGTH DATA ELEMENTS
- fixed length control field:
050908n| acannaabn |n aaa
010 ## - LIBRARY OF CONGRESS CONTROL NUMBER
- LC control number:
n 2005206929
040 ## - CATALOGING SOURCE
- Original cataloging agency:
DLC
- Language of cataloging:
eng
- Transcribing agency:
DLC
100 1# - HEADING--PERSONAL NAME
- Personal name:
D'souza, Deepika
670 ## - SOURCE DATA FOUND
- Source citation:
Pandey, Shruti. Disability and the law, 2005:
- Information found:
t.p. (Deepika D'souza)